Superhero DNA Change Quiz Stats

 Plays Quiz not verified by Sporcle

Challenge
Share
Tweet
Embed
Score 0/10 Timer 04:00
0 Plays Today
% Correct
Spiderman
87.8%
The Hulk
72.4%
The Thing
40.3%
Mr Fantastic
32.6%
The Invisible Girl
17.2%
Deadpool
11.8%
Torch
9%
Spawn
3.2%
Teenage Mutant Ninja Turtles
2.7%
Ben 10
2.7%

You're not logged in!

Compare scores with friends on all Sporcle quizzes.
Join for Free
OR
Log In

You Might Also Like...

Show Comments

Extras

Created Dec 14, 2009ReportNominate
Tags:Superhero Quiz, DNA, modified

Top Quizzes Today


Score Distribution

Your Account Isn't Verified!

In order to create a playlist on Sporcle, you need to verify the email address you used during registration. Go to your Sporcle Settings to finish the process.

Report this User

Report this user for behavior that violates our Community Guidelines.

Details: